[Event "Stuttgart-chB int"]
[Site "Ditzingen"]
[Date "2012.05.19"]
[Round "6"]
[White "Wuebbens, Carsten"]
[Black "Hupfer, Garlef"]
[Result "0-1"]
[WhiteElo "1415"]
[BlackElo "1685"]
[PlyCount "120"]
[EventDate "2012.05.17"]
[EventType "swiss"]
[EventRounds "7"]
[EventCountry "GER"]
[SourceTitle "EXT 2018"]
[Source "ChessBase"]
[SourceDate "2017.10.13"]
[SourceVersion "1"]
[SourceVersionDate "2017.10.13"]
[SourceQuality "1"]

1. d4 Nf6 2. c4 e6 3. Nc3 Bb4 4. Nf3 Bxc3+ 5. bxc3 d6 6. Bg5 Nbd7 7. e3 h6 8. Bh4 b6 9. Be2 Bb7 10. 0-0 0-0 11. Re1 Qe8 12. Bd3 e5 13. e4 Kh8 14. Qd2 Nh7 15. h3 f6 16. Qe3 Qf7 17. Bg3 Ba6 18. Nd2 Rg8 19. Nb3 Bxc4 20. Bxc4 Qxc4 21. d5 Nc5 22. Nxc5 bxc5 23. f3 Rab8 24. Rec1 Rb2 25. Qe1 Rgb8 26. Rcb1 Nf8 27. Qc1 Qe2 28. Rxb2 Rxb2 29. Qf1 Qxf1+ 30. Kxf1 Nd7 31. Be1 Kh7 32. a4 Kg6 33. a5 f5 34. exf5+ Kxf5 35. Ra4 Nf6 36. g4+ Kg6 37. c4 Kg5 38. Bg3 h5 39. h4+ Kg6 40. g5 Nd7 41. Bf2 Kf5 42. Be1 g6 43. Ra3 Nb8 44. Rd3 Na6 45. Rd2 Rxd2 46. Bxd2 Nb4 47. Ke2 a6 48. Ke3 Nc2+ 49. Kd3 Nd4 50. Ke3 c6 51. dxc6 Nxc6 52. Bc3 Nd4 53. Bd2 Ne6 54. Bc1 Nd8 55. Bd2 Nc6 56. Kd3 e4+ 57. Ke3 exf3 58. Kxf3 Ne5+ 59. Ke2 Nxc4 60. Be1 Ke4 0-1

[Event "Stuttgart-chB int"]
[Site "Ditzingen"]
[Date "2012.05.17"]
[Round "2"]
[White "Recker, Martin"]
[Black "Hupfer, Garlef"]
[Result "1/2-1/2"]
[WhiteElo "1864"]
[BlackElo "1685"]
[PlyCount "62"]
[EventDate "2012.05.17"]
[EventType "swiss"]
[EventRounds "7"]
[EventCountry "GER"]
[SourceTitle "EXT 2018"]
[Source "ChessBase"]
[SourceDate "2017.10.13"]
[SourceVersion "1"]
[SourceVersionDate "2017.10.13"]
[SourceQuality "1"]

1. d4 Nf6 2. Nf3 e6 3. g3 b6 4. Bg2 Bb7 5. c4 Bb4+ 6. Bd2 Be7 7. 0-0 0-0 8. Nc3 c5 9. dxc5 Bxc5 10. Bg5 h6 11. Bf4 Nc6 12. e4 Ne7 13. e5 Nh5 14. Bd2 f5 15. Nh4 Bxg2 16. Kxg2 Qe8 17. Nb5 Nc6 18. Nc7 Qf7 19. Nxa8 Rxa8 20. Bc3 g5 21. Nf3 Kh7 22. a3 g4 23. Ne1 Rg8 24. b4 Bf8 25. b5 Nd8 26. Nd3 Nb7 27. Bb4 Bxb4 28. axb4 f4 29. gxf4 Kh8 30. Qd2 Qf5 31. Qe3 Qxd3 1/2-1/2

[Event "GER-chT DLM U20"]
[Site "Stuttgart"]
[Date "2010.11.19"]
[Round "5.7"]
[White "Hupfer, Garlef"]
[Black "Manusina, Nicole"]
[Result "0-1"]
[WhiteElo "1633"]
[BlackElo "1651"]
[PlyCount "88"]
[EventDate "2010.11.17"]
[EventType "team-tourn"]
[EventRounds "7"]
[EventCountry "GER"]
[SourceTitle "EXT 2022"]
[Source "ChessBase"]
[SourceDate "2021.10.06"]
[SourceVersion "1"]
[SourceVersionDate "2021.10.06"]
[SourceQuality "1"]
[WhiteTeam "Wuerttemberg U20 II"]
[BlackTeam "Niedersachsen U20"]
[WhiteTeamCountry "GER"]
[BlackTeamCountry "GER"]

1. e4 c6 2. d4 d5 3. exd5 cxd5 4. Bd3 Nc6 5. c3 Qc7 6. Ne2 Bg4 7. f3 Bd7 8. Bf4 e5 9. dxe5 Nxe5 10. 0-0 Bd6 11. Re1 0-0-0 12. Bxe5 Bxe5 13. h3 g5 14. Nd4 h5 15. Nf5 g4 16. h4 Bg3 17. Re3 Qf4 18. Qc2 Kb8 19. Re2 gxf3 20. gxf3 Bxf5 21. Bxf5 Nh6 22. Bh3 Rhg8 23. Bg2 Nf5 24. Kf1 Ne3+ 25. Rxe3 Qxe3 26. Na3 Rge8 27. Bh1 Qf4 28. Qg2 Qxh4 29. Nc2 Qc4+ 30. Kg1 Rg8 31. Qf1 Qc5+ 32. Nd4 Be5+ 33. Bg2 Bxd4+ 34. cxd4 Qxd4+ 35. Kh1 Qh4+ 36. Kg1 Qg3 37. Kh1 h4 38. Bh3 d4 39. Rd1 d3 40. Rd2 Qe5 41. Qf2 Rg3 42. Qf1 Qe3 43. Rd1 Rxf3 44. Qg2 Rxh3+ 0-1

[Event "GER-chT DLM U20"]
[Site "Stuttgart"]
[Date "2010.11.19"]
[Round "4.7"]
[White "Wiesner, Paula"]
[Black "Hupfer, Garlef"]
[Result "1-0"]
[WhiteElo "1645"]
[BlackElo "1633"]
[PlyCount "125"]
[EventDate "2010.11.17"]
[EventType "team-tourn"]
[EventRounds "7"]
[EventCountry "GER"]
[SourceTitle "EXT 2022"]
[Source "ChessBase"]
[SourceDate "2021.10.06"]
[SourceVersion "1"]
[SourceVersionDate "2021.10.06"]
[SourceQuality "1"]
[WhiteTeam "Baden U20"]
[BlackTeam "Wuerttemberg U20 II"]
[WhiteTeamCountry "GER"]
[BlackTeamCountry "GER"]

1. d4 Nf6 2. c4 e6 3. Nc3 Bb4 4. e3 Bxc3+ 5. bxc3 d6 6. Bd3 b6 7. Ne2 Bb7 8. 0-0 0-0 9. Qc2 c5 10. e4 h6 11. h3 Nbd7 12. Be3 Qe7 13. f4 Ne8 14. Rad1 f6 15. Bf2 Qd8 16. d5 e5 17. f5 Kh8 18. Ng3 Rg8 19. Be2 Nf8 20. Bh5 Bc8 21. Bf7 Bd7 22. Bxg8 Kxg8 23. Be3 Nc7 24. Rb1 Qe8 25. Rfc1 Kh7 26. Qe2 Qc8 27. Ra1 Ba4 28. Rcb1 Kh8 29. Nf1 Rb8 30. Qd3 Qd8 31. Bd2 Kg8 32. Ne3 Na8 33. Nd1 Kh8 34. Nb2 Be8 35. a4 a5 36. Nd1 Nd7 37. Ne3 Kh7 38. Nc2 Kh8 39. Na3 Nf8 40. Nb5 Bxb5 41. cxb5 Qe7 42. c4 Nc7 43. Kf2 Nh7 44. g4 Rg8 45. Rh1 Ne8 46. Rag1 Rf8 47. h4 Kg8 48. Qg3 Qd8 49. g5 fxg5 50. hxg5 hxg5 51. Bxg5 Nxg5 52. Qxg5 Qxg5 53. Rxg5 Kf7 54. Ke3 Rg8 55. Rgh5 Nf6 56. Rh8 Ng4+ 57. Kf3 Nh6 58. Rxg8 Kxg8 59. Kg3 Kf7 60. Kh4 Kf6 61. Rg1 g5+ 62. Rxg5 Nf7 63. Rg8 1-0